| 000 | 01774nam a2200241Ia 4500 | ||
|---|---|---|---|
| 008 | 260220t1965||||xx |||||||||||||| ||spa|| | ||
| 040 |
_aPY-SlUNAC _bspa _erda |
||
| 041 | _aspa | ||
| 082 |
_a530 _bAl439c |
||
| 100 |
_aAllitt, S. E. _eAutor |
||
| 245 | 0 |
_aComprehension exercises in advanced level physics / _cpor S. E. Allitt [Autor] |
|
| 264 |
_aLondres : _bULP, _c℗1965. |
||
| 300 | _a1 volumen | ||
| 520 | _a"Comprehension Exercises in Advanced Level Physics" de S. E. Allitt es una obra dirigida a estudiantes de física avanzada que busca mejorar la comprensión conceptual y la aplicación práctica de los principios físicos. A través de una serie de ejercicios estructurados, el autor fomenta el pensamiento crítico y la capacidad de resolución de problemas, abordando temas fundamentales como la mecánica, la termodinámica y la electromagnetismo. Cada ejercicio está diseñado para desafiar al lector, promoviendo un enfoque activo en el aprendizaje y la autoevaluación. Además, el libro integra explicaciones teóricas con situaciones prácticas, lo que permite a los estudiantes conectar los conceptos abstractos con ejemplos del mundo real. Al combinar teoría y práctica, Allitt proporciona una herramienta valiosa para la preparación de exámenes y el desarrollo de habilidades analíticas. Esta obra es un recurso esencial para aquellos que buscan profundizar su entendimiento en física a un nivel avanzado y aplicar sus conocimientos en contextos académicos y profesionales. | ||
| 653 | _aEducación | ||
| 653 | _aEjercicios de comprensión | ||
| 653 | _aFísica | ||
| 942 |
_b2026/02/17 _cBK |
||
| 999 |
_c7711 _d7711 |
||